000 00489nam a22001937a 4500
003 NUST
020 _a9693505115
038 _akhadija
082 _a928.9549
_bBAN
100 _aBano Qudsia
_988968
245 _aMard E Abresham /
_cBano Qudsia
260 _aLahore
_bSang e meel
_c2011.
300 _a157p. ;
500 _aHardcover.
563 _aHB
880 _6100-01
_aبانو قدسیہ
880 _6245-02
_aمرد اَبْریشَم
_cبانو قدسیہ
942 _cBK
_2ddc
999 _c33100
_d33100